ARRUPE JESUIT UNIVERSITY

CORONAVIRUS -STOP THE SPREAD - CLEAN,DISINFECT,COVER

Muteuro weMisa (Record no. 119246)

MARC details
000 -LEADER
fixed length control field 00310nam a22001217a 4500
008 - FIXED-LENGTH DATA ELEMENTS--GENERAL INFORMATION
fixed length control field 131213b xxu||||| |||| 00| 0 eng d
050 ## - LIBRARY OF CONGRESS CALL NUMBER
Classification number BX2015.A4.S45
245 ## - TITLE STATEMENT
Title Muteuro weMisa
246 ## - VARYING FORM OF TITLE
Title proper/short title The Order of Mass
260 ## - PUBLICATION, DISTRIBUTION, ETC. (IMPRINT)
Place of publication, distribution, etc Gweru
Name of publisher, distributor, etc Mambo Press
Date of publication, distribution, etc [n.d.]
300 ## - PHYSICAL DESCRIPTION
Extent 331p.;
Dimensions 22cm.
942 ## - ADDED ENTRY ELEMENTS (KOHA)
Source of classification or shelving scheme Library of Congress Classification
Item type Monograph ( Printed materials)
Holdings
Withdrawn status Lost status Source of classification or shelving scheme Damaged status Not for loan Home library Current library Shelving location Date acquired Total Checkouts Full call number Barcode Date last seen Price effective from Koha item type
    Library of Congress Classification     ARRUPE LIBRARY ARRUPE LIBRARY Main Collection 13/12/2013   BX2015.A4.S45 464122991 22/11/2017 13/12/2013 Monograph ( Printed materials)

 

Arrupe Library. PO Box MP320 Mt Pleasant, Harare, Zimbabwe
263 242 745411|librarian@aju.ac.zw